Centrum chorvátskej kultúry, Jarovce

Na minha lista:
Detalhes bibliográficos
Autor principal: Krakovská, Barbora (Author)
Outros Autores: Oravcová, Eva (Thesis advisor)
Formato: Manuscrito Livro
Idioma:eslovaco
Publicado em: 2025
Assuntos:
Acesso em linha:http://is.stuba.sk/zp/portal_zp.pl?podrobnosti=168213
Tags: Adicionar Tag
Sem tags, seja o primeiro a adicionar uma tag!

MARC

LEADER 00000ntm a22000003a 4500
001 stuzp104436
003 SK-STU
005 20250614212957.2
007 ta
008 150427s2015----xo-----f-mn---000-0-slo-d
040 |a STU  |b slo 
041 0 |a slo 
100 1 |a Krakovská, Barbora  |u 058180  |4 aut  |U FAD Fakulta architektúry a dizajnu  |T FAD Ústav architektúry občianskych budov  |X 115547  |U A8180  |Y 399  |7 115547 
242 0 1 |a Croatian Cultural Center, Jarovce  |y eng 
245 1 0 |a Centrum chorvátskej kultúry, Jarovce 
260 |c 2025 
650 4 |a cultural centre  |2 eng 
650 4 |a tradition  |2 eng 
650 4 |a simplicity  |2 eng 
650 4 |a openness  |2 eng 
650 4 |a tradície  |2 slo 
650 4 |a jednoduchosť  |2 slo 
650 4 |a otvorenosť  |2 slo 
650 4 |a kultúrne centrum  |2 slo 
700 1 |a Oravcová, Eva  |4 ths  |X 411  |7 A000000411 
856 4 |u http://is.stuba.sk/zp/portal_zp.pl?podrobnosti=168213